000 00695nam a2200265Ia 4500
003 OSt
005 20221007111725.0
006 a|||||r|||| 00| 0
007 ta
008 221006b |||||||| |||| 00| 0 eng d
020 _a0273360388
024 _a24,189
037 _cTextual
040 _aLCO
_cLCO
_beng
041 _2eng
_aeng
082 _aX425k3,N66, L1
100 _aStevens Edward F.
_9343802
245 0 _aDictionary of Shipping Terms and Phrases
250 _a2nd
260 _aLondon
_bPitman and Sons Ltd. U.K.
_c1971
300 _a96
650 _aDICTIONARY
942 _hX425k3,N66, L1
_cTEXL
999 _c1193752
_d1193752